01067nam a2200289 a 450000100060000000300080000600500170001400800410003102000390007202000390011103500190015004000350016904100080020408200270021210000230023924500790026226000850034130000340042649000420046050400380050265000250054065000510056565000530061670000380066971000190070783000510072666175BD-RjUL20211209081516.0170314s1987 enka b 000 0 eng d a0471913995 (pbk.) :c$15.00 (U.S.) a0471913987 (hard) :c$42.00 (U.S.) a(BD-RjUL)66305 aBD-RjULcBD-RjULdBD-RjULbeng aeng00a616.0756223bHAD 19871 aHawcroft, David M.10aDiagnostic enzymology /cauthor, David Hawcroft ; editor, Arthur M. James. aChichester ;aNew York :bPublished on behalf on ACOL, London, by Wiley,cc1987. axxi, 280 p. :bill. ;c23 cm.1 aAnalytical Chemistry by Open Learning aIncludes bibliographies and index 0aClinical enzymology. 2aEnzyme Testsxmethodsxprogrammed instruction. 2aEnzymesxdiagnostic usexprogrammed instruction.1 aJames, A. M.q(Arthur M.),d1923-2 aACOL (Project) 0aAnalytical Chemistry by Open Learning (Series)